000 00227nam a22000857a 4500
008 161031b xxu||||| |||| 00| 0 eng d
100 _9995
_aSehgal.A.
245 _aRevised Accountancy-XII
260 _aNew Delhi
_bAPC Publications
_c2012
999 _c3654
_d3654